000 00415nam a2200181Ia 4500
001 10072
005 20260306161804.0
008 260306t1989||||xx |||||||||||||| ||spa||
041 _aESP
082 _a877
_bP38
100 _aPeirano Basso, Luisa
_eAUT
245 0 _aEl valor del ejemplo
260 _c1989
300 _a63 páginas :
_c21 cm.
650 _aGEN
654 _aCHU
942 _cLIB
_dJUS
_fJUS
_2ddc
_n
999 _c10072
_d10072